Výskum a ochrana cicavcov na Slovensku III zborník referátov z konferencie (Zvolen 10.-11.10.1997)

Bibliographic Details
Corporate Author: Výskum a ochrana cicavcov na Slovensku Zvolen, Slovensko (Author)
Other Authors: Urban, Peter, 1962- (Compiler)
Format: Conference Proceeding Book
Language:Slovak
Czech
PhysicalDescription:156 strán fotografie, grafy, mapy, tabuľky 21 cm
Published: Banská Bystrica Bratislava Slovenská agentúra životného prostredia - Centrum ochrany prírody a krajiny Ministerstvo životného prostredia Slovenskej republiky 1998
ISBN:8088850134
Subjects:

MARC

LEADER 00000cam a2200000 a 4500
001 vtls001354739
003 SK-MaSNL
005 20260426004446.0
008 240226s1998 xo odblfrn 100 0 slo
015 |a SNBA1999/06-02098 
020 |a 8088850134  |q (brožované) 
035 |a SNK000308186 
040 |a SNK  |b slo  |c SNK  |e AACR2 
041 0 |a slo  |a cze  |b eng 
043 |a e-xo--- 
044 |a xo  |c SK 
072 7 |a 59  |x Zoológia  |2 konspekt 
080 |a 599:502.74(437.6)(082)  |2 1981 
080 |a 599  |2 2011 
080 |a 502.172:592/599  |2 2011 
080 |a (062.534)  |2 2011 
080 |a (437.6)  |2 2011 
111 2 |a Výskum a ochrana cicavcov na Slovensku  |n (3. :  |d 1997 :  |c Zvolen, Slovensko)  |4 aut  |9 238646 
245 1 0 |a Výskum a ochrana cicavcov na Slovensku III  |b zborník referátov z konferencie (Zvolen 10.-11.10.1997)  |c [zostavil: Peter Urban] 
260 |a Banská Bystrica  |b Slovenská agentúra životného prostredia - Centrum ochrany prírody a krajiny  |a Bratislava  |b Ministerstvo životného prostredia Slovenskej republiky  |c 1998 
300 |a 156 strán  |b fotografie, grafy, mapy, tabuľky  |c 21 cm 
500 |a Obsahuje zoznam zaregistrovaných účastníkov konferencie 
504 |a Bibliografia za jednotlivými príspevkami 
546 |a Anglické resumé. Čiastočný text v češtine 
650 0 7 |a cicavce  |2 SNKPH  |9 1286 
650 0 7 |a ochrana živočíchov  |2 SNKPH  |9 3949 
651 7 |a Slovensko  |2 SNKPHgeo  |9 14231 
655 7 |a zborníky konferencií  |2 SNKPH  |9 70153 
700 1 |a Urban, Peter,  |d 1962-  |4 com  |9 85872 
919 |a 80-88850-13-4 
954 |a odborná, vedecká literatúra pôvodná (slovenská)  |2 lita 
954 |a odborná, vedecká literatúra cudzojazyčná (svetová)  |2 lita 
958 |a ART 
958 |a TL 
958 |a NB 
958 |a OND 
999 |c 978397  |d 980327 
952 |a SNK  |b SNK  |y PREZ  |7 0  |p 17A0181968  |o snkSC 97922  |i snkKSP 1344/99  |0 0  |1 0  |4 0  |d 1999-02-10  |f 1  |l 0  |r 2025-09-18 00:00:00  |w 2026-02-24 
952 |a SNK  |b SNK  |y VYP  |7 0  |p 17A0181967  |o snkSC 97922 D1  |i snkKSP 1345/99  |0 0  |1 0  |4 0  |d 1999-02-10  |l 0  |r 2005-01-02 00:00:00  |w 2026-02-24